• 首页
  • 本馆介绍
  • 公告通知
  • 最新文献
  • 馆藏检索
  • 电子资源
  • 读者导购
  • 参考咨询
  • 我的图书馆
  • 登录
  • 详细信息显示
  • 放入我的书架
  • 预约/预借图书
  • 作者相关作品
  • 分类相关作品
  • 丛书相关作品
  • 出版社相关作品

书目信息

  • 表格格式
  • 工作单格式
  • 卡片格式
题名:
梦回宋朝
    
 
作者: 何仁勇 著
分册:  
出版信息: 北京   中国文史出版社  2010.01
页数: 244页
开本: 24cm
丛书名:
单 册:
中图分类: K244.09
科图分类:
主题词: 宋代--古代史--通俗读物 , 宋代 , 古代史
电子资源:
ISBN: 978-7-5034-2517-2
000 00803nam0 2200253 45
001 1237670419
005 20120619095605.18
010    @a978-7-5034-2517-2@dCNY28.80
100    @a20100121d2010 em y0chiy0110 ea
101 0  @achi
102    @aCN@b110000
105    @aac z 000yy
106    @ar
200 1  @a梦回宋朝@AMeng Hui Song Chao@f何仁勇著@FHe Ren Yong Zhu
210    @a北京@c中国文史出版社@d2010.01
215    @a244页@c图,画像@d24cm
330    @a本书主要内容包括:没有城管的宋朝;柳永和他的女人们;天上掉下个皇帝宝座;赵匡胤二三事;半部《论语》治天下;三个人眼中的烛影斧声等。
606 0  @a宋代@x古代史@j通俗读物
606 0  @a宋代
606 0  @a古代史
690    @aK244.09@v4
701  0 @a何仁勇@AHe Ren Yong@4著
801  0 @aCN@bTSTCL@c20120604
905    @b0818043-46@dK244.09@e46@f4
    
    梦回宋朝/何仁勇著.-北京:中国文史出版社,2010.01
    244页:图,画像;24cm
    
    
    ISBN 978-7-5034-2517-2:CNY28.80
    本书主要内容包括:没有城管的宋朝;柳永和他的女人们;天上掉下个皇帝宝座;赵匡胤二三事;半部《论语》治天下;三个人眼中的烛影斧声等。
●
相关链接 在E读中查询图书 在五车中查询图书 在当当中查询图书 在豆瓣中查询图书


正题名:梦回宋朝     索取号:K244.09/46         预约/预借

序号 登录号 条形码 馆藏地/架位号 状态 备注
1 0818043   208180430   第二样本阅览室/ [索取号:K244.09/46] 在馆    
2 0818044   208180449   第二借阅区/ [索取号:K244.09/46] 在馆    
3 0818045   208180458   第二借阅区/ [索取号:K244.09/46] 已借出,限还日期为2026.05.11
借出人:王铭煦  
 
4 0818046   208180467   第二借阅区/ [索取号:K244.09/46] 在馆    
唐山师范学院图书馆 欢迎您!
大连网信软件有限公司© 版权所有